Bibliografia de la novel·la sentimental publicada en català, ente 1924 i 1938 / de Núria Pi i Vendrell
Descripción Física:
191 p. : il. ; 24 cm
MARC
| LEADER | 00000nam a2200000Ia 4500 | ||
|---|---|---|---|
| 001 | 7642 | ||
| 008 | 160829s1986 xx 000 0 cat d | ||
| 080 | |a A-1-254 | ||
| 100 | |a Pi Vendrell, Núria |9 37751 | ||
| 245 | |a Bibliografia de la novel·la sentimental publicada en català, ente 1924 i 1938 / de Núria Pi i Vendrell | ||
| 260 | |a Barcelona : |b Diputació. Biblioteca de Catalunya, |c 1986 | ||
| 300 | |a 191 p. : |b il. ; |c 24 cm | ||
| 650 | |a Novel·la d'amor |x S. XX |x Catalunya |x Bibliografia |9 37752 | ||
| 710 | 1 | |a Biblioteca de Catalunya |9 52741 | |
| 901 | |a Arxiu | ||
| 942 | |n 1 | ||
| 952 | |0 0 |1 0 |4 0 |6 A1254 |7 1 |9 48045 |a Arxiu |b Arxiu |d 2016-12-01 |l 0 |o A-1-254 |p 7642 |r 2016-12-01 00:00:00 |w 2016-12-01 |y ARXIU | ||
| 952 | |0 0 |1 0 |2 udc |4 0 |6 PDL |7 0 |9 63729 |a Arxiu |b Arxiu |d 2022-09-02 |l 0 |o PDL |p 26650 |r 2022-09-02 00:00:00 |w 2022-09-02 |y ARXIU | ||
| 999 | |c 51848 |d 51848 | ||